Struggling for Health in the City : (Record no. 617900)

MARC details
000 -LEADER
fixed length control field 00511nam a2200193 a 4500
008 - FIXED-LENGTH DATA ELEMENTS--GENERAL INFORMATION
fixed length control field 260318s2006##################000#0#eng##
020 ## - INTERNATIONAL STANDARD BOOK NUMBER
ISBN 9783039106738
082 04 - DEWEY DECIMAL CLASSIFICATION NUMBER
Classification number 362.10420967
Item number OBR
100 1# - MAIN ENTRY--AUTHOR NAME
Personal name Obrist, Brigit,
245 10 - TITLE STATEMENT
Title Struggling for Health in the City :
260 ## - PUBLICATION, DISTRIBUTION, ETC. (IMPRINT)
Name of publisher Peter Lang,
Year of publication 2006.
300 ## - PHYSICAL DESCRIPTION
Number of Pages 364 pages
650 #0 - SUBJECT ADDED ENTRY--TOPICAL TERM
Topical Term Health & Fitness.
942 ## - ADDED ENTRY ELEMENTS (KOHA)
Koha item type English Books
Holdings
Withdrawn status Lost status Damaged status Not for loan Home library Current library Shelving location Date acquired Full call number Accession Number Price effective from Koha item type
        Anna Centenary Library Anna Centenary Library 4TH FLOOR, A WING 18.03.2026 362.10420967 OBR 219547 18.03.2026 English Books

Find us on the map